000
00440nam a22001097a 4500
082
_a
891.433/RAJ/N
100
_a
राजऋषि,कर्नल गौतम
_9
83685
245
_a
हैशटैग मुहब्बत ने फौजी बनाया महबूब ने कांतिल
260
_a
दिल्ली
_b
युवान बुक्स
_c
2024
650
_a
उपन्यास
942
_c
HIN
999
_c
68633
_d
68633